| 000 | 00714cam a2200181 4500 | ||
|---|---|---|---|
| 001 | T100524 | ||
| 008 | 000000n1957 000 0 eng u | ||
| 035 | _a(Sirsi) u100524 | ||
| 110 |
_aEngland and Wales _bLands Tribunal _91252 |
||
| 245 | _aMrs C Absolom et al v Cental Land Board; Carpenders Park Estates Ltd v Central Land Board | ||
| 260 | _c1957 | ||
| 520 | _aCLB/2410/1954 AND CLB/141/1956. 19 Feb 1957. Stored in offsite archive. Please ask library for further details | ||
| 650 | _aABSOLOM V CENTRAL LONDON BOARD | ||
| 650 | _aCARPENDERS PARK ESTATES LTD V CENTRAL LONDON BOARD | ||
| 650 | _aTOWN AND COUNTRY PLANNING ACT 1947 PART V1 | ||
| 690 | _aPLANNING LAW AND PRACTICE-CASE LAW | ||
| 942 | _n0 | ||
| 999 |
_c60133 _d60133 |
||